000 00241nam a2200097Ia 4500
001 986242
005 20250826221057.0
008 250824s9999 xx 000 0 und d
245 0 _aBĂ–CEK AVCISI
_cARTHUR CONAN DOYLE
260 _bDOKUZ YAYINCILIK
999 _c986242
_d986242